| 000 | 00361nam a2200145Ia 4500 | ||
|---|---|---|---|
| 008 | 260330s9999 xx 000 0 und d | ||
| 020 | _a9.7893951617e+012 | ||
| 082 |
_a519.23 _bMED/S |
||
| 100 | _aMedhi, J | ||
| 245 | 0 | _aStochastic Processes | |
| 250 | _a6th | ||
| 260 |
_aNew Delhi _bNew Age International Publishers _c2025 |
||
| 300 | _a516p. | ||
| 942 | _cBK | ||
| 999 |
_c53197 _d53197 |
||